| 000 | 00927 a2200253 4500 | ||
|---|---|---|---|
| 005 | 20081006124514.0 | ||
| 008 | 081006t xxu||||| |||| 00| 0 eng d | ||
| 010 | _aENG-91152 | ||
| 020 |
_a9780070083356 _c235.00 |
||
| 020 | _a0070083355 | ||
| 035 | _aEN-74685 | ||
| 037 | _bDBAD / PUB | ||
| 040 |
_adpl _bEnglish |
||
| 082 | _a621.3815 | ||
| 100 | _aGhosh, S.P. | ||
| 245 |
_aCircuit theory and networks / _cby S.P. Ghosh [and] A.K. Chakraborty |
||
| 260 |
_aNew Delhi _bTata Mc-Graw Hill Publishing _c2009 |
||
| 270 |
_a7, West Patel Nagar _bNew Delhi _e110 008 |
||
| 300 |
_aVarious pagings _c24 cm. (Pbk.) |
||
| 650 | _aElectronic circuits. | ||
| 700 | _aChakraborty, A.K. | ||
| 942 |
_adpl _cEN _2ddc _mGHO _h621.3815 |
||
| 999 |
_c16261 _d16261 |
||